000 00281 a2200097 4500
020 _a9789357321365
100 _aPreejith Raj
245 _aKodiyeri: oru jeevacharithram(കോടിയേരി: ഒരു ജീവചരിത്രം)
260 _bD C books
_c2023
942 _cOO
999 _c115788
_d115787